00887nam a22002177a 450000500170000001000150001702000270003203500140005903700090007308200160008210000340009824501200013226000660025227000600031830000290037870000420040770000350044994200300048499900190051495201360053320240521155313.0 aENG-140434 a9789392038419c1395.00 aEN-123966 bDBAD a305.8009541 aChakraborty, Dipannita966667 aTransitional Aspects of Indigenous People:bNorth East India/cEdited by Dipannita Chakraborty [and] Rita Das Nayak aAssambEBH Publishers, an imprint of Eastern Book Housec2022 a136, M.L. Nehru Road, Panbazar, GuwahatibAssame781001 aviii, 170 p.c24cm, (hb} aChakraborty, Dipannita966297eEditor aNayak, Rita DaseEditor966668 2ddccENh305.8009541mTRA c203125d203125 001040708NFICaBNbBNd2024-05-21eDBADg1395.00l0o305.8009541 TRApEN-123966r2024-05-21 00:00:00t1v1395.00w2024-05-21yEN